000 00944nam a22001817a 4500
999 _c61107
_d61107
005 20231220105139.0
008 231220s2001 ru ||||| |||| 00| 0 rus d
020 _a966959944X
041 _arus
080 _a94(3)(082)+904+930 П-15
245 _aПамяти Юрия Германовича Виноградова :
_bХерсонесский сборник. Выпуск 11. Сборник научных статей /
_cРед. М.И. Золотарев.
264 _aСевастополь,
_c2001.
300 _a192 с.:
_bил.;
_c25 см.
653 _aქერსონესოს კოლექცია
653 _aსამეცნიერო სტატიების კრებული იური გერმანოვიჩ ვინოგრადოვის ხსოვნისადმი
700 _a Золотарев, М.И.
_eრედაქტორი
_920798
942 _2udc
_cᲬᲘᲒᲜᲘ